000 00512cam a22002054a 4500
005 20250605164314.0
008 250528s ||||||||||||||||||||||||d
035 _a22628
020 _a9780205327638
040 _aGR-AtMCL
_bgre
_dGR-AtMCL
_eAACR2
245 1 _aCOGNITIVE PSYCHOLOGY
250 _a1
260 _bΕκδόσεις Salto,
_c2004
300 _a618
700 1 _aRobinson-Riegler Bridget
_98387
700 1 _aRobinson-Riegler Gregory
_98388
942 _cBK
999 _c7676
_d7676